Aspekty environmentalizácie výchovno-vzdelávacieho procesu : Diplomová práca

Guardado en:
Detalles Bibliográficos
Autor principal: Smatana, Marián (Autor)
Otros Autores: Vašková, Ľubica (xxx)
Formato: Manuscrito Libro
Lenguaje:eslovaco
Publicado: Trnava : STU v Bratislave MTF UIPH, 2009
Materias:
Etiquetas: Agregar Etiqueta
Sin Etiquetas, Sea el primero en etiquetar este registro!

MARC

LEADER 00000ntm a22000003a 4500
001 stu198851
005 20160719160147.9
008 100122s2009----xo------------------slo-d
040 |a STU  |b slo 
041 0 |a slo 
044 |a xo 
100 1 |a Smatana, Marián  |4 aut 
245 1 |a Aspekty environmentalizácie výchovno-vzdelávacieho procesu :  |b Diplomová práca 
260 |a Trnava :  |b STU v Bratislave MTF UIPH,  |c 2009 
300 |a 65 s  |c Prílohy + 1 CD-ROM 
500 |a Študijný program: učiteľstvo technických profesijných predmetov 
500 |a Študijný odbor: 1.1.2 učiteľstvo profesijných predmetov a praktickej prípravy 
650 7 |a environmentalizácia  |2 stusub 
650 7 |a ekológia  |2 stusub 
650 7 |a výchova  |2 stusub 
650 7 |a vzdelanie  |2 stusub 
700 1 |a Vašková, Ľubica  |4 xxx  |u M220  |U MTF Ústav inžinierskej pedagogiky a humatitných vied  |T MTF Katedra inžinierskej pedagogiky a psychológie  |U M220  |Y M220 
996 |b 284M077824  |c M*DP-8810  |l MMSKP  |s P  |a 0  |w stu198851_0001